00229nam a2200109Ia 4500100001500000250000600015654002100021245002100042260003500063300000900098546001200107 aMillman/J  a2 amicroelectronics aMicroelectronics bMc Graw HillaNew Jerseyc1987 a1001 aENGLISH